| 000 | 00356nam a2200133Ia 4500 | ||
|---|---|---|---|
| 008 | 240624s9999 xx 000 0 und d | ||
| 041 | _aeng | ||
| 082 | _a658.406 JOY | ||
| 100 | _aJOYCE WILLIAM F | ||
| 245 | _aMEGA CHANGE HOW TODAY S LEADING COMPANIE | ||
| 260 |
_c1999 _aNew York _bThe Free Press |
||
| 300 | _axi, : 242 : p. : cm. ; 24 | ||
| 365 |
_cBPS _b35 |
||
| 999 |
_c7567 _d7567 |
||